Statistics for Hip-Hop Artists by Their Songs - Each Year

Click here to take the quiz!

General Stats

  • This quiz has been taken 45 times
  • The average score is 53 of 93

Answer Stats

YearSongArtist% Correct
2009ForeverDrake
97%
2010Not AfraidEminem
94%
2002Without MeEminem
94%
2020GodzillaEminem
94%
1999My Name IsEminem
94%
2013Rap GodEminem
94%
2011I'm the OneDJ Khaled
92%
2012The MottoDrake
92%
2018God's PlanDrake
92%
2014AnacondaNicki Minaj
89%
2010Super BassNicki Minaj
89%
2005Candy Shop50 Cent
86%
2005Gold DiggerKanye West
86%
1993I Get Around2pac
83%
1996All Eyez On ME2pac
83%
1995California Love2pac
83%
2012M.A.A.D CityKendrick Lamar
83%
2015AlrightKendrick Lamar
83%
2012Swimming PoolsKendrick Lamar
83%
2017HumbleKendrick Lamar
83%
1993Who Am ISnoop Dogg
83%
2018Sicko ModeTravis Scott
83%
2015AntidoteTravis Scott
83%
2016Money LongerLil Uzi Vert
81%
2017XO Tour Lif3Lil Uzi Vert
81%
2020MyronLil Uzi Vert
81%
200399 ProblemsJay-Z
78%
2018Lucid DreamsJuice WRLD
78%
2017Take A Step BackSki Mask The Slump God
78%
1997HypnotizeThe N.O.T.O.R.I.O.U.S Big
78%
1994JuicyThe N.O.T.O.R.I.O.U.S Big
78%
2015Look At Me!XXXTentacion
78%
2017F*** LoveXXXTentacion
78%
2012Love SosaChief Keef
75%
1995Gangsta's ParadiseCoolio
75%
2014Trap QueenFetty Wap
72%
2016Bad And BoujeeMigos
72%
2013VersaceMigos
72%
1988Straight Outta ComptonN.W.A
72%
2007Pop BottlesBirdman
69%
2003X-Gon Give It To YaDMX
69%
1998Ruff Ryders AnthemDMX
69%
2017Gucci GangLil Pump
69%
2004Go DJLil Wayne
69%
2008A MilliLil Wayne
69%
2011Young, Wild and FreeWiz Khalifa
69%
2019DiorPop Smoke
67%
2019Ballin'Roddy Ricch
64%
1990Can't Touch ThisMC Hammer
61%
2020The BoxRoddy Ricch
61%
2015White IversionPost Malone
58%
1993C.R.E.A.MWu-Tang Clan
58%
2018Drip Too HardLil Baby
56%
2019RansomLil Tecca
56%
2019ThotianaBlueface
53%
1987Boyz 'n' The HoodEazy-E
53%
2014Wet DreamzJ.Cole
50%
1979Rapper's DelightSugar Hill Gang
50%
1981ApacheSugar Hill Gang
50%
2019SugeDaBaby
47%
2001Move B****Ludacris
47%
2019Shotta FlowNLE Choppa
47%
2017Murder On My MindYNW Melly
47%
2000Country GrammarNelly
44%
2005Ridin'Chamillionaire
39%
1983It's Like ThatRun DMC
39%
1986Peter PiperRun DMC
39%
2011YonkersTyler The Creator
39%
2015March MadnessFuture
36%
1982The MessageGrandmaster Flash
36%
2014HookahTyga
36%
2016No Heart21 Savage
33%
2011Rack CityTyga
33%
1991ScenarioA Tribe Called Quest
31%
20161nightLil Yachty
28%
2005Put You On The GameThe Game
28%
1980The BreakKurtis Blow
25%
2017Billy6ix9ine
22%
1984I Need A BeatLL Cool J
22%
2014No Flex ZoneRae Sremmurd
22%
1992JumpKriss Kross
19%
2017Catch Me OutsideSki Mask The Slump God
19%
19866 In The MorningIce T
17%
2017Benz TruckLil Peep
17%
2010Hard In Da PaintWaka Flocka Flame
17%
1991Naughty By NatureO.P.P
11%
1989Warm It UpBig Daddy Kane
8%
2004U Don't Know MeT.I
8%
2015SkrilaKodak Black
6%
1985The ShowSlick Rick
6%
1992How To Roll A BluntRedman
0%
2000Who Run ItThree 6 Mafia
0%
2003Damn!Youngbloodz
0%

Score Distribution

Percentile by Number Answered

Percent of People with Each Score

Your Score History

You have not taken this quiz